Rationality and revolution /

Bibliographic Details
Other Authors: Taylor, Michael, 1942 September 22-
Format: Book
Language:English
Published: Cambridge [Cambridgeshire] ; New York : Paris : Cambridge University Press ; Editions de la Maison des Sciences de l'Homme, 1988.
Series:Studies in Marxism and social theory.
Subjects:

MARC

Tag First Indicator Second Indicator Subfields
LEADER 00000cam a2200000 a 4500
001 in00000029277
005 20151007060151.0
008 870713s1988 enka b 00100 eng
010 |a  87020851  
020 |a 0521344190 
035 |a (OCoLC)16354179 
035 |9 AAC0199AM 
040 |a DLC  |c DLC  |d TXA  |d UtOrBLW 
049 |a TXAM  |c [A11117176] 
050 0 0 |a HX550.R48  |b R37 1988 
082 0 |a 321.09  |2 19 
245 0 0 |a Rationality and revolution /  |c edited by Michael Taylor. 
264 1 |a Cambridge [Cambridgeshire] ;  |a New York :  |b Cambridge University Press ;  |a Paris :  |b Editions de la Maison des Sciences de l'Homme,  |c 1988. 
300 |a viii, 271 pages :  |b illustrations ;  |c 24 cm. 
336 |a text  |b txt  |2 rdacontent 
337 |a unmediated  |b n  |2 rdamedia 
338 |a volume  |b nc  |2 rdacarrier 
490 1 |a Studies in Marxism and social theory 
504 |a Includes bibliographical references and index. 
650 0 |a Revolutions and socialism. 
650 0 |a Social choice. 
700 1 |a Taylor, Michael,  |d 1942 September 22- 
830 0 |a Studies in Marxism and social theory. 
999 |a MARS 
999 f f |s 6690cd34-f236-3e93-8869-c28e4d603d71  |i 7497a82b-13b3-3cd0-a7dc-29e2267ce469  |t 0 
952 f f |p ric  |a Texas A&M University  |b Rellis Campus  |c Joint Library Facility  |d Remote Storage  |t 0  |e HX550.R48 R37 1988  |h Library of Congress classification  |i unmediated -- volume  |m A14811117176 
998 f f |a HX550.R48 R37 1988  |t 0  |l Remote Storage